Normal view
MARC view
- Koenig, Andrew
Entry Personal Name
001 - CONTROL NUMBER
- control field: 97694
003 - CONTROL NUMBER IDENTIFIER
- control field: NUST
005 - DATE AND TIME OF LATEST TRANSACTION
- control field: 20220817113646.0
008 - FIXED-LENGTH DATA ELEMENTS
- fixed length control field: 220817|| aca||aabn | a|a d
040 ## - CATALOGING SOURCE
- Original cataloging agency: NUST
- Transcribing agency: NUST
100 ## - HEADING--PERSONAL NAME
- Personal name: Koenig, Andrew
670 ## - SOURCE DATA FOUND
- Source citation: Work cat.: (NUST)179319: Koenig, Andrew., C traps and pitfalls / , [1988], c1989.
